000 00880nam0a22002531 4500
001 rc\2567142
005 20250623111001.0
035 _a(NLR Aleph) 006731953
090 _a5553518
_c5553518
100 _a20110914d1927 |||y0rusy50 ca
101 0 _arus
102 _aRU
105 _ay z |||||
200 1 _aКрестьянские посиделки
_fА. Калыгина, Б. Сигал
210 _aМосква
_cОхрана материнства и младенчества
_d1927
_g6-я типо-лит. Транспечати ФЗУ
215 _a31 с., [1] с. объявл.
_d20х14 см.
700 1 _aКалыгина
_bА.С.
_gАнна Степановна
701 1 _aСигал
_bБ.С.
_gБорис Самойлович
801 0 _aRU
_bNLR
_gpsbo
801 1 _aRU
_bELAR
_2rusmarc
852 _aNLR
_j40/940
942 _cBOOK
980 _aNB